000 01465nam0a22003011 4500
001 rc\4972014
005 20250613055734.0
021 _aRU
_b[65-47965ж]
035 _a(NLR Aleph) 008976925
090 _a9160936
_c9160936
100 _a20130430d1965 |||y0rusy50 ca
101 0 _arus
102 _aRU
105 _aa z |||||
200 1 _aРезультаты путевых и динамических испытаний нового подвижного состава
_e[Сборник статей]
_fПод общ. ред. д-ра техн. наук проф. М.Ф. Вериго и канд. техн. наук С.С. Крепкогорского
210 _aМосква
_cТранспорт
_d1965
215 _a260 с.
_cил.
_d22
225 1 _aТруды Всесоюзного научно-исследовательского института железнодорожного транспорта
_vВып. 296
320 _aБиблиогр. в конце статей
606 _aПодвижной состав (ж. д.)
_xДинамика
_jСборники
_2psbo
606 _aПуть (ж. д.)
_xВзаимодействие с подвижным составом
_jСборники
_2psbo
702 1 _aВериго
_bМ.Ф.
_gМихаил Федорович
_4340
702 1 _aКрепкогорский
_bС.С.
_4340
801 0 _aRU
_bNLR
_gpsbo
801 1 _aRU
_bELAR
_2rusmarc
852 _aNLR
_jП10/598
942 _cBOOK
980 _aNB